| Tag |
First Indicator |
Second Indicator |
Subfields |
| LEADER |
00000cam a2200000 4500 |
| 001 |
in00000285313 |
| 005 |
20151010072958.0 |
| 008 |
720811s1972 waua b 00010 eng |
| 010 |
|
|
|a 72189459
|
| 035 |
|
|
|a (OCoLC)00402800
|
| 035 |
|
|
|9 ABF0146AM
|
| 037 |
|
|
|c $4.00
|
| 040 |
|
|
|a DLC
|c DLC
|d TXA
|d UtOrBLW
|
| 049 |
|
|
|a TXAM
|c [711115]
|
| 050 |
0 |
0 |
|a BL1920
|b .S27
|
| 082 |
0 |
|
|a 299/.514/38
|
| 100 |
1 |
|
|a Saso, Michael R.
|
| 245 |
1 |
0 |
|a Taoism and the rite of cosmic renewal /
|c [by] Michael R. Saso.
|
| 264 |
|
1 |
|a [Pullman] :
|b Washington State University Press,
|c [1972]
|
| 300 |
|
|
|a 120 pages :
|b illustrations ;
|c 23 cm.
|
| 336 |
|
|
|a text
|b txt
|2 rdacontent
|
| 337 |
|
|
|a unmediated
|b n
|2 rdamedia
|
| 338 |
|
|
|a volume
|b nc
|2 rdacarrier
|
| 504 |
|
|
|a Bibliography: pages 115-120.
|
| 650 |
|
0 |
|a Taoism.
|
| 999 |
|
|
|a MARS
|
| 999 |
f |
f |
|s 7f2ec193-1b6b-3db7-b7fc-d35439f43948
|i 84e302cb-f1ca-3599-b45c-422d193dbc79
|t 0
|
| 952 |
f |
f |
|p ric
|a Texas A&M University
|b Rellis Campus
|c Joint Library Facility
|d Remote Storage
|t 0
|e BL1920 .S27
|h Library of Congress classification
|i unmediated -- volume
|m A14801745155
|
| 998 |
f |
f |
|a BL1920 .S27
|t 0
|l Remote Storage
|